Statistiques concernant Nommez un personnage Harry Potter valable #1

Cliquez ici pour prendre le quiz!

Statistiques générales

  • Ce quiz a été pris 4 432 fois
    (3 823 depuis la dernière actualisation)
  • Le résultat moyen est 18 sur 23

Statistiques - réponses

CritèrePersonnnages% Correct
Sang-de-bourbeHermione Granger | Colin Crivey | Lily Potter ...
99%
Enfant de Molly WeasleyRonald Weasley | Ginny Weasley | Percy Weasley ...
99%
Cheveux blondsDrago Malefoy | Luna Lovegood | Lucius Malefoy ...
98%
Elfe de maisonDobby | Winky | Kreattur
92%
Tué(e) par VoldemortJames Potter | Lily Potter | Alastor Maugrey ...
92%
Dort dans le même dortoir que HarryRonald Weasley | Neville Londubat | Dean Thomas ...
90%
Tué(e) par Bellatrix LestrangeSirius Black | Dobby | Nymphadora Tonks
89%
MangemortLucius Malefoy | Bellatrix Lestrange | Fenrir Greyback ...
88%
AnimagusSirius Black | Minerva McGonagall | James Potter ...
86%
A un mammifère comme PatronusHarry Potter | Hermione Granger | Minerva McGonagall ...
85%
MolduDudley Dursley | Petunia Dursley | Vernon Dursley ...
84%
Fondateur d'une maison à PoudlardGodric Gryffondor | Helga Poufsouffle | Salazar Serpentard ...
84%
Professeur à Poudlard plus de 2 ansRubeus Hagrid | Minerva McGonagall | Severus Rogue ...
84%
A été élève à PoufsouffleCedric Diggory | Pomona Chourave | Nymphadora Tonks ...
79%
A été élève à DurmstrangViktor Krum | Igor Karkaroff | Gellert Grindelwald ...
76%
Adulte membre de l'Ordre du Phénix
(2e génération)
Albus Dumbledore | Severus Rogue | Sirius Black ...
75%
Employé(e) au Ministère de la Magie
(exclut les Aurors)
Cornelius Fudge | Dolores Ombrage | Arthur Weasley ...
75%
Présent dans les Animaux Fantastiques
et Harry Potter
Norbert Dragonneau | Albus Dumbledore | Minerva McGonagall ...
73%
Est capable de volerBuck | Fumseck | Hedwige ...
66%
CracmolArabella Figg | Argus Rusard | Ariana Dumbledore
65%
Absent dans les filmsPeeves | Winky | Ludovic Verpey ...
52%
MétamorphomageTeddy Lupin | Nymphadora Tonks
50%
Présent dans un seul livreQuirinus Quirrell | Abelforth Dumbledore | Ludovic Verpey ...
37%

Distribution des résultats

Percentile par nombre de réponses

% des personnes avec chaque résultat

Votre développement - résultats

Vous n’avez pas pris ce quiz depuis la dernière actualisation